000 00549nam a2200181Ia 4500
008 090124s9999 xx 000 0 und d
082 _b116957
100 _aदेवकुळे जयंत ग.
245 _a कनक आणि कामिनी
250 _a1
260 _c1977
300 _a174
600 _aदेवकुळे जयंत ग.
630 _a कनक आणि कामिनी
700 _aदेवकुळे जयंत ग.
730 _a कनक आणि कामिनी
942 _cBOOK
999 _c163043
_d163043